ბათუმის შოთა რუსთაველის სახელმწიფო უნივერსიტეტის ბიბლიოთეკა

Вопросы философии, №10. 2016. (ბიბ.ჩანაწერი № 52366)

000 -LEADER
fixed length control field 00743nam a2200229Ia 4500
001 - CONTROL NUMBER
control field 19386
003 - CONTROL NUMBER IDENTIFIER
control field GE_BSU
008 - FIXED-LENGTH DATA ELEMENTS--GENERAL INFORMATION
fixed length control field 181216s||||||||xx |||||||||||||| ||und||
040 ## - CATALOGING SOURCE
Transcribing agency GE_BSU
245 ## - TITLE STATEMENT
Title Вопросы философии, №10. 2016.
245 ## - TITLE STATEMENT
Remainder of title Научно-теоретический журнал. Изд-ся с июля 1947 года.
245 ## - TITLE STATEMENT
Statement of responsibility, etc. Гл.ред.Пружинин Борис Исаевич и др.
250 ## - EDITION STATEMENT
Edition statement Российская академия наук
260 ## - PUBLICATION, DISTRIBUTION, ETC.
Place of publication, distribution, etc. Москва
260 ## - PUBLICATION, DISTRIBUTION, ETC.
Name of publisher, distributor, etc. Наука
260 ## - PUBLICATION, DISTRIBUTION, ETC.
Date of publication, distribution, etc. 2016
300 ## - PHYSICAL DESCRIPTION
Extent 224стр.24см.
653 ## - INDEX TERM--UNCONTROLLED
Uncontrolled term Вопросы философии
653 ## - INDEX TERM--UNCONTROLLED
Uncontrolled term Периодика
653 ## - INDEX TERM--UNCONTROLLED
Uncontrolled term პერიოდიკა
942 ## - ADDED ENTRY ELEMENTS (KOHA)
Koha item type პერიოდიკა
ეგზემპლარები
Withdrawn status Lost status Damaged status Not for loan Date acquired Barcode Date last seen Price effective from Koha item type Public note
        2018-12-17 р 78130 2018-12-17 2018-12-17 პერიოდიკა პერიოდიკა